• 首页
  • 本馆介绍
  • 公告通知
  • 最新文献
  • 馆藏检索
  • 电子资源
  • 读者导购
  • 参考咨询
  • 我的图书馆
  • 登录
  • 详细信息显示
  • 放入我的书架
  • 预约/预借图书
  • 作者相关作品
  • 分类相关作品
  • 丛书相关作品
  • 出版社相关作品

书目信息

  • 表格格式
  • 工作单格式
  • 卡片格式
题名:
普遍主义的贫困
    
 
作者: 马德普 著
分册:  
出版信息: 北京   人民出版社  2005
页数: 302页
开本: 23cm
丛书名:
单 册:
中图分类: B024.2
科图分类:
主题词: 普遍(哲学)--研究--西方国家
电子资源:
ISBN: 7-01-004561-5
000 00896nam0 2200241 450
001 TS2006023612
005 20061205142929.96
010    @a7-01-004561-5@dCNY27.00
100    @a20060829d2005 em y0chiy0110 ea
101 0  @achi
102    @aCN@b110000
105    @ay a 000yy
200 1  @a普遍主义的贫困@APu Bian Zhu Yi De Pin Kun@e自由主义政治哲学批判@EZi You Zhu Yi Zheng Zhi Zhe Xue Pi Pan@f马德普著@FMa De Pu Zhu
210    @a北京@c人民出版社@d2005
215    @a302页@d23cm
320    @a有书目:292-300页
330    @a本书探讨了西方自由主义普遍主义产生的社会历史根源,考察了它的三种主要论证形式及其某些变种,分析了每种论证形式的认识论根源和误区。
517 1  @a自由主义政治哲学批判@AZi You Zhu Yi Zheng Zhi Zhe Xue Pi Pan
606 0  @a普遍(哲学)@x研究@y西方国家
690    @aB024.2@v4
701  0 @a马德普@AMa De Pu@4著
801  0 @aCN@b中图数据@c20061205
905    @a10447@dB024.2@e97
    
    普遍主义的贫困:自由主义政治哲学批判/马德普著.-北京:人民出版社,2005
    302页;23cm
    
    
    ISBN 7-01-004561-5:CNY27.00
    本书探讨了西方自由主义普遍主义产生的社会历史根源,考察了它的三种主要论证形式及其某些变种,分析了每种论证形式的认识论根源和误区。
●
相关链接 在E读中查询图书 在五车中查询图书 在当当中查询图书 在豆瓣中查询图书


正题名:普遍主义的贫困     索取号:B024.2/97         预约/预借

序号 登录号 条形码 馆藏地/架位号 状态 备注
1 0603490   206034904   第一样本阅览室/ [索取号:B024.2/97] 在馆    
2 0603491   206034913   第一借阅区/ [索取号:B024.2/97] 在馆    
3 0603492   206034922   教育系资料室/ [索取号:B024.2/97] 在馆    
4 0603493   206034931   教育系资料室/ [索取号:B024.2/97] 在馆    
5 0603494   206034940   第一借阅区/ [索取号:B024.2/97] 在馆    
6 0603495   206034959   第一借阅区/ [索取号:B024.2/97] 在馆    
唐山师范学院图书馆 欢迎您!
大连网信软件有限公司© 版权所有